KANT'S REJECTION OF THE RIGHT OF REVOLUTION

Bibliographic Details
Main Author: Azeri, Siyaves (Author)
Format: Article
Language:Slovak
English

MARC

LEADER 00000nab a2200000 a 4500
001 vtls010705400
003 SK-MaSNL
005 20260304185756.0
008 250709s2009 xo |||||||||||||||||slo|
035 |a (urnnbn)urn:nbn:sk:snk:ar-a03zum 
035 |a (uuid)71acc462-679d-4715-b19f-8d60810e9d59 
035 |a urn:nbn:sk:snk-ab39yi 
040 |a SNKBUCL  |b slo  |c SNKBUCL  |e AACR2 
041 0 |a eng 
044 |a xo  |c SK 
100 1 |a Azeri, Siyaves  |4 aut  |9 1520366 
245 1 0 |a KANT'S REJECTION OF THE RIGHT OF REVOLUTION  |c Siyaves Azeri 
773 0 |t Filozofia  |g Roč. 64, č. 6 (2009), s. 592-603 
850 |a Slovenská národná knižnica 
852 |a Slovenská národná knižnica 
954 |a odborná, vedecká literatúra cudzojazyčná (svetová)  |2 lita 
954 |a odborná, vedecká literatúra pôvodná (slovenská)  |2 lita 
958 |a article1 
958 |a OND 
958 |a EUIPO 
999 |c 3045946  |d 3047876